000 00454nam a2200133Ia 4500
008 190813s9999 xx 000 0 und d
100 _aBoyles, Nancy.
245 _cNancy Boyles.--
_aReading, writing, and rigor :
_bhelping students achieve greater depth of knowledge in literacy /
260 _aVirginia :
_bASCD
_c2018
300 _a210 pages.
500 _aIncludes bibliographic references and index.
650 _aLanguage arts.
650 _aReading.
999 _c362040
_d362040